Trade in counterfeit and pirated goods mapping the economic impact

Gespeichert in:
Bibliographische Detailangaben
Format: Buch
Sprache:Englisch
Veröffentlicht: Paris OECD 2016
Schlagworte:
Tags: Tag hinzufügen
Keine Tags, Fügen Sie das erste Tag hinzu!

MARC

LEADER 00000nam a2200000 4500
001 0219355
005 20221107101301.7
020 |a 978-92-64-25264-6 
041 0 |a eng 
044 |a FR 
245 1 0 |a Trade in counterfeit and pirated goods  |b mapping the economic impact 
264 1 |a Paris  |b OECD  |c 2016 
300 |a 135 s. 
610 2 0 |a globalizácia 
610 2 0 |a obchod čierny 
610 2 0 |a falzifikáty 
610 2 0 |a tovar 
610 2 0 |a dovoz 
610 2 0 |a strata obchodná 
610 2 0 |a značky výrobné 
610 2 0 |a patenty 
610 2 0 |a ochrana autorstva 
610 2 0 |a ochrana vlastníctva 
610 2 0 |a porovnanie štatistické medzinárodné 
610 2 0 |a štúdie prípadové 
610 2 0 |a dáta 
610 2 0 |a analýzy 
610 2 0 |a Európska únia